| 000 -ლიდერი |
| ფიქსირებული სიგრძის საკონტროლო ველი |
01218nam a22002297a 4500 |
| 003 - საკონტროლო ნომრის იდენტიფიკატორი |
| საკონტროლო ველი |
Ge_BSU |
| 005 - ბოლო ოპერაციის თარიღი და დრო |
| საკონტროლო ველი |
20231129103359.0 |
| 008 - ფიქსირებული სიგრძის მონაცემთა ელემენტები - ზოგადი ინფორმაცია |
| ფიქსირებული სიგრძის საკონტროლო ველი |
231128s2022 ge ||||| |||| 00| 0 geo d |
| 020 ## - წიგნის საერთაშორისო სტანდარტული ნომერი |
| International Standard Book Number |
9789941842085 |
| 041 ## - ენის კოდი |
| Language code of text/sound track or separate title |
geo |
| 080 ## - უნივერსალური ათობითი კლასიფიკაციის ინდექსი |
| Universal Decimal Classification number |
551.7(479.222.4) ხ-71 |
| 100 ## - მთავარი ჩანაწერი - პიროვნების სახელი |
| Personal name |
ხომერიკი, გურამ |
| 9 (RLIN) |
20481 |
| 245 ## - ცნობა სათაურის შესახებ |
| Title |
გურიის რეგიონის გეოლოგიური აგებულება და სასარგებლო წიაღისეული / |
| Statement of responsibility, etc |
გურამ ხომერიკი, თენგიზ შარაშიძე; რედ. კარლო აქიმიძე. |
| 264 ## - წარმოების, გამოცემის, დისტრიბუციის და სხვა ცნობები |
| გამოცემის, წარმოების, დისტრიბუციის... ადგილი |
თბილისი: |
| გამოცემის, წარმოების, დისტრიბუციის... სახელწოდება |
ივერიონი, |
| გამოცემის, წარმოების, დისტრიბუციის... თარიღი |
2022. |
| 300 ## - ფიზიკური აღწერა |
| Extent |
132 გვ. : |
| Other physical details |
21 სმ. |
| 500 ## - ზოგადი შენიშვნა |
| General note |
პარალ სათ. რუსულ ენაზე |
| 653 ## - INDEX TERM--UNCONTROLLED |
| Uncontrolled term |
საქართველოს გეოლოგია |
| 653 ## - INDEX TERM--UNCONTROLLED |
| Uncontrolled term |
გურიის რეგიონის სტრატიგრაფია |
| 700 ## - ADDED ENTRY--PERSONAL NAME |
| Personal name |
შარაშიძე, თენგიზ |
| Relator term |
ავტორი |
| 9 (RLIN) |
20489 |
| 700 ## - ADDED ENTRY--PERSONAL NAME |
| Personal name |
აქიმიძე, კარლო |
| Relator term |
რედაქტორი |
| 9 (RLIN) |
20482 |
| 942 ## - ADDED ENTRY ELEMENTS (KOHA) |
| Source of classification or shelving scheme |
|
| Koha item type |
წიგნი |